Normal view
MARC view
Entry Personal Name
001 - CONTROL NUMBER
- control field: 11103
003 - CONTROL NUMBER IDENTIFIER
- control field: OSt
005 - DATE AND TIME OF LATEST TRANSACTION
- control field: 20160922144249.0
008 - FIXED-LENGTH DATA ELEMENTS
- fixed length control field: 160922|| aca||aabn | a|a d
040 ## - CATALOGING SOURCE
- Original cataloging agency: OSt
- Transcribing agency: OSt
100 ## - HEADING--PERSONAL NAME
- Personal name: Barnard ,Chris; Gilbert,Francis; McGregor, Peter
670 ## - SOURCE DATA FOUND
- Source citation: Work cat.: (OSt): Barnard ,Chris; Gilbert,Francis; McGregor, Peter, Asking Questions in Biology: a guide to hypothesis-testing...
